| Tag |
First Indicator |
Second Indicator |
Subfields |
| LEADER |
00000cas a2200000 4500 |
| 001 |
in00000048066 |
| 005 |
20151007065523.0 |
| 008 |
750824d19011992enkmr p 0uu1a0eng |
| 010 |
|
|
|a 08015088
|
| 022 |
|
|
|a 0010-6275
|
| 035 |
|
|
|a (OCoLC)01564870
|
| 035 |
|
|
|9 AAE2161AM
|
| 040 |
|
|
|a MUL
|c MUL
|d COO
|d UCU
|d IUL
|d NYG
|d TXA
|d UtOrBLW
|
| 042 |
|
|
|a lc
|a nsdp
|
| 049 |
|
|
|a TXAE
|
| 050 |
0 |
0 |
|a N1
|b .C75
|
| 210 |
0 |
|
|a Connoisseur
|b (N. Y. N. Y.)
|
| 222 |
|
0 |
|a Connoisseur
|b (New York, N.Y.)
|
| 245 |
0 |
4 |
|a The Connoisseur.
|
| 264 |
|
1 |
|a [London] :
|b [National Magazine Co., etc.]
|
| 300 |
|
|
|a 222 volumes :
|b illustrations ;
|c 28-31 cm.
|
| 310 |
|
|
|a Monthly
|
| 321 |
|
|
|a Frequency varies
|
| 336 |
|
|
|a text
|b txt
|2 rdacontent
|
| 337 |
|
|
|a unmediated
|b n
|2 rdamedia
|
| 338 |
|
|
|a volume
|b nc
|2 rdacarrier
|
| 362 |
0 |
|
|a v. 1-222 (no. 1-961); Sept. 1901-Feb. 1992.
|
| 500 |
|
|
|a Imprint varies.
|
| 510 |
0 |
|
|a Art index
|
| 510 |
0 |
|
|a Artbibliographies modern
|x 0300-466X
|
| 555 |
|
|
|a Vols. 1-12, Sept. 1901-Aug. 1905. 1 v.; Vols. 13-24, Sept. 1905-Aug. 1909. 1 v.
|
| 650 |
|
0 |
|a Art
|v Periodicals.
|
| 650 |
|
0 |
|a Collectors and collecting
|v Periodicals.
|
| 700 |
1 |
|
|a Remington, Frederic,
|d 1861-1909.
|
| 780 |
0 |
5 |
|t International studio
|g Sept. 1931
|
| 999 |
|
|
|a MARS
|
| 999 |
f |
f |
|s 747addc9-4e31-3ea7-aaab-7420114e33c9
|i 96807b0f-9e54-3672-b35f-e3e0bc14b784
|t 0
|
| 952 |
f |
f |
|p noncirc
|a Texas A&M University
|b College Station
|c Cushing Memorial Library & Archives
|d Cushing: Dykes (Does not check out)
|t 0
|e N1 .C75
|h Library of Congress classification
|i unmediated -- volume
|k v.184:no.742
|l 1973:Dec.
|m A14853152826
|
| 952 |
f |
f |
|p serial
|a Texas A&M University
|b College Station
|c Sterling C. Evans Library
|d Evans: Library Stacks
|t 0
|e N1 .C75
|h Library of Congress classification
|i unmediated -- volume
|k v.218:no.922 -v.218:no.923
|l 1988-1988
|m A14811782078
|
| 952 |
f |
f |
|p serial
|a Texas A&M University
|b College Station
|c Sterling C. Evans Library
|d Evans: Library Stacks
|t 0
|e N1 .C75
|h Library of Congress classification
|i unmediated -- volume
|k v.200:no.805 -v.200:no.806
|l 1979-1979
|m A14818006766
|
| 952 |
f |
f |
|p normal
|a Texas A&M University
|b College Station
|c Sterling C. Evans Library
|d Evans: Library Stacks
|t 0
|e N1 .C75
|h Library of Congress classification
|i unmediated -- volume
|k v.154
|l 1963
|m A14816772086
|
| 952 |
f |
f |
|p serial
|a Texas A&M University
|b College Station
|c Sterling C. Evans Library
|d Evans: Library Stacks
|t 0
|e N1 .C75
|h Library of Congress classification
|i unmediated -- volume
|k v.165
|l 1967
|m A14816772581
|
| 952 |
f |
f |
|p serial
|a Texas A&M University
|b College Station
|c Sterling C. Evans Library
|d Evans: Library Stacks
|t 0
|e N1 .C75
|h Library of Congress classification
|i unmediated -- volume
|k v.213:no.853 -v.213:no.854
|l 1983-1983
|m A14818006758
|
| 952 |
f |
f |
|p serial
|a Texas A&M University
|b College Station
|c Sterling C. Evans Library
|d Evans: Library Stacks
|t 0
|e N1 .C75
|h Library of Congress classification
|i unmediated -- volume
|k v.212:no.848 -v.212:no.850
|l 1982-1982
|m A14816772010
|
| 952 |
f |
f |
|p serial
|a Texas A&M University
|b College Station
|c Sterling C. Evans Library
|d Evans: Library Stacks
|t 0
|e N1 .C75
|h Library of Congress classification
|i unmediated -- volume
|k v.178
|l 1971
|m A14816772175
|
| 952 |
f |
f |
|p serial
|a Texas A&M University
|b College Station
|c Sterling C. Evans Library
|d Evans: Library Stacks
|t 0
|e N1 .C75
|h Library of Congress classification
|i unmediated -- volume
|k v.191:no.769 -v.191:no.770
|l 1976-1976
|m A14818006978
|
| 952 |
f |
f |
|p serial
|a Texas A&M University
|b College Station
|c Sterling C. Evans Library
|d Evans: Library Stacks
|t 0
|e N1 .C75
|h Library of Congress classification
|i unmediated -- volume
|k v.99
|l 1937
|m A14816772840
|
| 952 |
f |
f |
|p serial
|a Texas A&M University
|b College Station
|c Sterling C. Evans Library
|d Evans: Library Stacks
|t 0
|e N1 .C75
|h Library of Congress classification
|i unmediated -- volume
|k v.218:no.912 -v.218:no.915
|l 1988-1988
|m A14811547494
|
| 952 |
f |
f |
|p serial
|a Texas A&M University
|b College Station
|c Sterling C. Evans Library
|d Evans: Library Stacks
|t 0
|e N1 .C75
|h Library of Congress classification
|i unmediated -- volume
|k v.90
|l 1932
|m A14816772345
|
| 952 |
f |
f |
|p serial
|a Texas A&M University
|b College Station
|c Sterling C. Evans Library
|d Evans: Library Stacks
|t 0
|e N1 .C75
|h Library of Congress classification
|i unmediated -- volume
|k v.198:no.797 -v.198:no.798
|l 1978-1978
|m A14818006562
|
| 952 |
f |
f |
|p serial
|a Texas A&M University
|b College Station
|c Sterling C. Evans Library
|d Evans: Library Stacks
|t 0
|e N1 .C75
|h Library of Congress classification
|i unmediated -- volume
|k v.199:no.799 -v.199:no.800
|l 1978-1978
|m A14818006619
|
| 952 |
f |
f |
|p serial
|a Texas A&M University
|b College Station
|c Sterling C. Evans Library
|d Evans: Library Stacks
|t 0
|e N1 .C75
|h Library of Congress classification
|i unmediated -- volume
|k v.206:no.827 -v.206:no.828
|l 1980-1980
|m A14818006253
|
| 952 |
f |
f |
|p serial
|a Texas A&M University
|b College Station
|c Sterling C. Evans Library
|d Evans: Library Stacks
|t 0
|e N1 .C75
|h Library of Congress classification
|i unmediated -- volume
|k v.189:no.759 -v.189:no.760
|l 1975-1975
|m A14818006774
|
| 952 |
f |
f |
|p serial
|a Texas A&M University
|b College Station
|c Sterling C. Evans Library
|d Evans: Library Stacks
|t 0
|e N1 .C75
|h Library of Congress classification
|i unmediated -- volume
|k v.190:no.763 -v.190:no.784
|l 1975-1975
|m A14818006871
|
| 952 |
f |
f |
|p serial
|a Texas A&M University
|b College Station
|c Sterling C. Evans Library
|d Evans: Library Stacks
|t 0
|e N1 .C75
|h Library of Congress classification
|i unmediated -- volume
|k v.213:no.857 -v.213:no.858
|l 1983-1983
|m A14818006902
|
| 952 |
f |
f |
|p serial
|a Texas A&M University
|b College Station
|c Sterling C. Evans Library
|d Evans: Library Stacks
|t 0
|e N1 .C75
|h Library of Congress classification
|i unmediated -- volume
|k v.192:no.774
|l 1976:Aug.
|m A14818007021
|
| 952 |
f |
f |
|p serial
|a Texas A&M University
|b College Station
|c Sterling C. Evans Library
|d Evans: Library Stacks
|t 0
|e N1 .C75
|h Library of Congress classification
|i unmediated -- volume
|k v.184:no.739 -v.184:no.740
|l 1973-1973
|m A14816772379
|
| 952 |
f |
f |
|p serial
|a Texas A&M University
|b College Station
|c Sterling C. Evans Library
|d Evans: Library Stacks
|t 0
|e N1 .C75
|h Library of Congress classification
|i unmediated -- volume
|k v.91
|l 1933
|m A14816772395
|
| 952 |
f |
f |
|p serial
|a Texas A&M University
|b College Station
|c Sterling C. Evans Library
|d Evans: Library Stacks
|t 0
|e N1 .C75
|h Library of Congress classification
|i unmediated -- volume
|k v.183:no.735 -v.183:no.736
|l 1973-1973
|m A14816772272
|
| 952 |
f |
f |
|p serial
|a Texas A&M University
|b College Station
|c Sterling C. Evans Library
|d Evans: Library Stacks
|t 0
|e N1 .C75
|h Library of Congress classification
|i unmediated -- volume
|k v.215:no.882 -v.215:no.887
|l 1985-1985
|m A14818006601
|
| 952 |
f |
f |
|p serial
|a Texas A&M University
|b College Station
|c Sterling C. Evans Library
|d Evans: Library Stacks
|t 0
|e N1 .C75
|h Library of Congress classification
|i unmediated -- volume
|k v.202:no.811 -v.202:no.812
|l 1979-1979
|m A14818006910
|
| 952 |
f |
f |
|p serial
|a Texas A&M University
|b College Station
|c Sterling C. Evans Library
|d Evans: Library Stacks
|t 0
|e N1 .C75
|h Library of Congress classification
|i unmediated -- volume
|k v.200:no.803 -v.200:no.804
|l 1979-1979
|m A14818006716
|
| 952 |
f |
f |
|p noncirc
|a Texas A&M University
|b College Station
|c Cushing Memorial Library & Archives
|d Cushing: Dykes (Does not check out)
|t 0
|e N1 .C75
|h Library of Congress classification
|i unmediated -- volume
|k v.212:no.848
|l 1982:Oct.
|m A14853152837
|
| 952 |
f |
f |
|p serial
|a Texas A&M University
|b College Station
|c Sterling C. Evans Library
|d Evans: Library Stacks
|t 0
|e N1 .C75
|h Library of Congress classification
|i unmediated -- volume
|k v.198:no.795 -v.198:no.796
|l 1978-1978
|m A14818006512
|
| 952 |
f |
f |
|p serial
|a Texas A&M University
|b College Station
|c Sterling C. Evans Library
|d Evans: Library Stacks
|t 0
|e N1 .C75
|h Library of Congress classification
|i unmediated -- volume
|k v.188:no.755 -v.188:no.756
|l 1975-1975
|m A14816772816
|
| 952 |
f |
f |
|p serial
|a Texas A&M University
|b College Station
|c Sterling C. Evans Library
|d Evans: Library Stacks
|t 0
|e N1 .C75
|h Library of Congress classification
|i unmediated -- volume
|k v.173
|l 1970
|m A14816772028
|
| 952 |
f |
f |
|p serial
|a Texas A&M University
|b College Station
|c Sterling C. Evans Library
|d Evans: Library Stacks
|t 0
|e N1 .C75
|h Library of Congress classification
|i unmediated -- volume
|k v.96
|l 1935
|m A14816772696
|
| 952 |
f |
f |
|p serial
|a Texas A&M University
|b College Station
|c Sterling C. Evans Library
|d Evans: Library Stacks
|t 0
|e N1 .C75
|h Library of Congress classification
|i unmediated -- volume
|k v.196:no.787 -v.196:no.788
|l 1977-1977
|m A14818006318
|
| 952 |
f |
f |
|p serial
|a Texas A&M University
|b College Station
|c Sterling C. Evans Library
|d Evans: Library Stacks
|t 0
|e N1 .C75
|h Library of Congress classification
|i unmediated -- volume
|k v.219:no.932 -v.219:no.933
|l 1989-1989
|m A14812872575
|
| 952 |
f |
f |
|p serial
|a Texas A&M University
|b College Station
|c Sterling C. Evans Library
|d Evans: Library Stacks
|t 0
|e N1 .C75
|h Library of Congress classification
|i unmediated -- volume
|k v.218:no.918 -v.218:no.919
|l 1988-1988
|m A14811781975
|
| 952 |
f |
f |
|p serial
|a Texas A&M University
|b College Station
|c Sterling C. Evans Library
|d Evans: Library Stacks
|t 0
|e N1 .C75
|h Library of Congress classification
|i unmediated -- volume
|k v.206:no.829 -v.206:no.830
|l 1981-1981
|m A14818006300
|
| 952 |
f |
f |
|p serial
|a Texas A&M University
|b College Station
|c Sterling C. Evans Library
|d Evans: Library Stacks
|t 0
|e N1 .C75
|h Library of Congress classification
|i unmediated -- volume
|k v.222:no.960 -v.222:no.961
|l 1992-1992
|m A14815683381
|
| 952 |
f |
f |
|p serial
|a Texas A&M University
|b College Station
|c Sterling C. Evans Library
|d Evans: Library Stacks
|t 0
|e N1 .C75
|h Library of Congress classification
|i unmediated -- volume
|k v.186:no.749 -v.186:no.750
|l 1974-1974
|m A14816772963
|
| 952 |
f |
f |
|p serial
|a Texas A&M University
|b College Station
|c Sterling C. Evans Library
|d Evans: Library Stacks
|t 0
|e N1 .C75
|h Library of Congress classification
|i unmediated -- volume
|k v.94
|l 1934
|m A14816772599
|
| 952 |
f |
f |
|p serial
|a Texas A&M University
|b College Station
|c Sterling C. Evans Library
|d Evans: Library Stacks
|t 0
|e N1 .C75
|h Library of Congress classification
|i unmediated -- volume
|k v.180
|l 1972
|m A14816772824
|
| 952 |
f |
f |
|p serial
|a Texas A&M University
|b College Station
|c Sterling C. Evans Library
|d Evans: Library Stacks
|t 0
|e N1 .C75
|h Library of Congress classification
|i unmediated -- volume
|k v.201:no.807 -v.201:no.808
|l 1979-1979
|m A14818006813
|
| 952 |
f |
f |
|p serial
|a Texas A&M University
|b College Station
|c Sterling C. Evans Library
|d Evans: Library Stacks
|t 0
|e N1 .C75
|h Library of Congress classification
|i unmediated -- volume
|k v.187:no.751 -v.187:no.752
|l 1974-1974
|m A14816772913
|
| 952 |
f |
f |
|p serial
|a Texas A&M University
|b College Station
|c Sterling C. Evans Library
|d Evans: Library Stacks
|t 0
|e N1 .C75
|h Library of Congress classification
|i unmediated -- volume
|k v.205:no.825 -v.205:no.826
|l 1980-1980
|m A14818006203
|
| 952 |
f |
f |
|p serial
|a Texas A&M University
|b College Station
|c Sterling C. Evans Library
|d Evans: Library Stacks
|t 0
|e N1 .C75
|h Library of Congress classification
|i unmediated -- volume
|k v.184:no.741 -v.184:no.742
|l 1973-1973
|m A14816772426
|
| 952 |
f |
f |
|p serial
|a Texas A&M University
|b College Station
|c Sterling C. Evans Library
|d Evans: Library Stacks
|t 0
|e N1 .C75
|h Library of Congress classification
|i unmediated -- volume
|k v.168
|l 1968
|m A14816772735
|
| 952 |
f |
f |
|p serial
|a Texas A&M University
|b College Station
|c Sterling C. Evans Library
|d Evans: Library Stacks
|t 0
|e N1 .C75
|h Library of Congress classification
|i unmediated -- volume
|k v.220:no.942 -v.220:no.944
|l 1990-1990
|m A14815294506
|
| 952 |
f |
f |
|p serial
|a Texas A&M University
|b College Station
|c Sterling C. Evans Library
|d Evans: Library Stacks
|t 0
|e N1 .C75
|h Library of Congress classification
|i unmediated -- volume
|k v.183:no.737 -v.183:no.738
|l 1973-1973
|m A14816772329
|
| 952 |
f |
f |
|p serial
|a Texas A&M University
|b College Station
|c Sterling C. Evans Library
|d Evans: Library Stacks
|t 0
|e N1 .C75
|h Library of Congress classification
|i unmediated -- volume
|k v.216:no.888 -v.216:no.889
|l 1986-1986
|m A14811843125
|
| 952 |
f |
f |
|p serial
|a Texas A&M University
|b College Station
|c Sterling C. Evans Library
|d Evans: Library Stacks
|t 0
|e N1 .C75
|h Library of Congress classification
|i unmediated -- volume
|k v.155
|l 1964
|m A14816772133
|
| 952 |
f |
f |
|p normal
|a Texas A&M University
|b College Station
|c Sterling C. Evans Library
|d Evans: Library Stacks
|t 0
|e N1 .C75
|h Library of Congress classification
|i unmediated -- volume
|k v.216:no.890 -v.216:no.891
|l 1986-1986
|m A14821585444
|
| 952 |
f |
f |
|p serial
|a Texas A&M University
|b College Station
|c Sterling C. Evans Library
|d Evans: Library Stacks
|t 0
|e N1 .C75
|h Library of Congress classification
|i unmediated -- volume
|k v.218:no.916 -v.218:no.917
|l 1988-1988
|m A14811781925
|
| 952 |
f |
f |
|p serial
|a Texas A&M University
|b College Station
|c Sterling C. Evans Library
|d Evans: Library Stacks
|t 0
|e N1 .C75
|h Library of Congress classification
|i unmediated -- volume
|k v.202:no.813 -v.202:no.814
|l 1979-1979
|m A14818006960
|
| 952 |
f |
f |
|p serial
|a Texas A&M University
|b College Station
|c Sterling C. Evans Library
|d Evans: Library Stacks
|t 0
|e N1 .C75
|h Library of Congress classification
|i unmediated -- volume
|k v.182:no.733 -v.182:no.734
|l 1973-1973
|m A14816772620
|
| 952 |
f |
f |
|p serial
|a Texas A&M University
|b College Station
|c Sterling C. Evans Library
|d Evans: Library Stacks
|t 0
|e N1 .C75
|h Library of Congress classification
|i unmediated -- volume
|k v.176
|l 1971
|m A14816772078
|
| 952 |
f |
f |
|p serial
|a Texas A&M University
|b College Station
|c Sterling C. Evans Library
|d Evans: Library Stacks
|t 0
|e N1 .C75
|h Library of Congress classification
|i unmediated -- volume
|k v.186:no.747 -v.186:no.748
|l 1974-1974
|m A14816772573
|
| 952 |
f |
f |
|p serial
|a Texas A&M University
|b College Station
|c Sterling C. Evans Library
|d Evans: Library Stacks
|t 0
|e N1 .C75
|h Library of Congress classification
|i unmediated -- volume
|k v.170
|l 1969
|m A14816772832
|
| 952 |
f |
f |
|p serial
|a Texas A&M University
|b College Station
|c Sterling C. Evans Library
|d Evans: Library Stacks
|t 0
|e N1 .C75
|h Library of Congress classification
|i unmediated -- volume
|k v.191:no.768
|l 1976:Feb.
|m A14818006928
|
| 952 |
f |
f |
|p serial
|a Texas A&M University
|b College Station
|c Sterling C. Evans Library
|d Evans: Library Stacks
|t 0
|e N1 .C75
|h Library of Congress classification
|i unmediated -- volume
|k v.93
|l 1934
|m A14816772549
|
| 952 |
f |
f |
|p serial
|a Texas A&M University
|b College Station
|c Sterling C. Evans Library
|d Evans: Library Stacks
|t 0
|e N1 .C75
|h Library of Congress classification
|i unmediated -- volume
|k v.207:no.833 -v.207:no.834
|l 1981-1981
|m A14818006407
|
| 952 |
f |
f |
|p serial
|a Texas A&M University
|b College Station
|c Sterling C. Evans Library
|d Evans: Library Stacks
|t 0
|e N1 .C75
|h Library of Congress classification
|i unmediated -- volume
|k v.188:no.757 -v.188:no.758
|l 1975-1975
|m A14818006724
|
| 952 |
f |
f |
|p serial
|a Texas A&M University
|b College Station
|c Sterling C. Evans Library
|d Evans: Library Stacks
|t 0
|e N1 .C75
|h Library of Congress classification
|i unmediated -- volume
|k v.203:no.815 -v.203:no.816
|l 1980-1980
|m A14818007013
|
| 952 |
f |
f |
|p serial
|a Texas A&M University
|b College Station
|c Sterling C. Evans Library
|d Evans: Library Stacks
|t 0
|e N1 .C75
|h Library of Congress classification
|i unmediated -- volume
|k v.210
|l 1982
|m A14818007055
|
| 952 |
f |
f |
|p serial
|a Texas A&M University
|b College Station
|c Sterling C. Evans Library
|d Evans: Library Stacks
|t 0
|e N1 .C75
|h Library of Congress classification
|i unmediated -- volume
|k v.218:no.920 -v.218:no.921
|l 1988-1988
|m A14811782028
|
| 952 |
f |
f |
|p serial
|a Texas A&M University
|b College Station
|c Sterling C. Evans Library
|d Evans: Library Stacks
|t 0
|e N1 .C75
|h Library of Congress classification
|i unmediated -- volume
|k v.219:no.928 -v.219:no.929
|l 1989-1989
|m A14812872478
|
| 952 |
f |
f |
|p serial
|a Texas A&M University
|b College Station
|c Sterling C. Evans Library
|d Evans: Library Stacks
|t 0
|e N1 .C75
|h Library of Congress classification
|i unmediated -- volume
|k v.205:no.823 -v.205:no.824
|l 1980-1980
|m A14818006156
|
| 952 |
f |
f |
|p serial
|a Texas A&M University
|b College Station
|c Sterling C. Evans Library
|d Evans: Library Stacks
|t 0
|e N1 .C75
|h Library of Congress classification
|i unmediated -- volume
|k v.214:no.863 -v.214:no.864
|l 1984-1984
|m A14818006952
|
| 952 |
f |
f |
|p serial
|a Texas A&M University
|b College Station
|c Sterling C. Evans Library
|d Evans: Library Stacks
|t 0
|e N1 .C75
|h Library of Congress classification
|i unmediated -- volume
|k v.213:no.855 -v.213:no.856
|l 1983-1983
|m A14818006805
|
| 952 |
f |
f |
|p serial
|a Texas A&M University
|b College Station
|c Sterling C. Evans Library
|d Evans: Library Stacks
|t 0
|e N1 .C75
|h Library of Congress classification
|i unmediated -- volume
|k v.159
|l 1965
|m A14816772337
|
| 952 |
f |
f |
|p serial
|a Texas A&M University
|b College Station
|c Sterling C. Evans Library
|d Evans: Library Stacks
|t 0
|e N1 .C75
|h Library of Congress classification
|i unmediated -- volume
|k v.101
|l 1938
|m A14816772947
|
| 952 |
f |
f |
|p serial
|a Texas A&M University
|b College Station
|c Sterling C. Evans Library
|d Evans: Library Stacks
|t 0
|e N1 .C75
|h Library of Congress classification
|i unmediated -- volume
|k v.166
|l 1967
|m A14816772638
|
| 952 |
f |
f |
|p serial
|a Texas A&M University
|b College Station
|c Sterling C. Evans Library
|d Evans: Library Stacks
|t 0
|e N1 .C75
|h Library of Congress classification
|i unmediated -- volume
|k v.208:no.835 -v.208:no.836
|l 1981-1981
|m A14818006457
|
| 952 |
f |
f |
|p serial
|a Texas A&M University
|b College Station
|c Sterling C. Evans Library
|d Evans: Library Stacks
|t 0
|e N1 .C75
|h Library of Congress classification
|i unmediated -- volume
|k v.211
|l 1982:Sept.
|m A14817379310
|
| 952 |
f |
f |
|p serial
|a Texas A&M University
|b College Station
|c Sterling C. Evans Library
|d Evans: Library Stacks
|t 0
|e N1 .C75
|h Library of Congress classification
|i unmediated -- volume
|k v.179
|l 1972
|m A14816772222
|
| 952 |
f |
f |
|p serial
|a Texas A&M University
|b College Station
|c Sterling C. Evans Library
|d Evans: Library Stacks
|t 0
|e N1 .C75
|h Library of Congress classification
|i unmediated -- volume
|k v.219:no.930 -v.219:no.931
|l 1989-1989
|m A14812872525
|
| 952 |
f |
f |
|p serial
|a Texas A&M University
|b College Station
|c Sterling C. Evans Library
|d Evans: Library Stacks
|t 0
|e N1 .C75
|h Library of Congress classification
|i unmediated -- volume
|k v.221:no.952 -v.221:no.955
|l 1991-1991
|m A14815331594
|
| 952 |
f |
f |
|p serial
|a Texas A&M University
|b College Station
|c Sterling C. Evans Library
|d Evans: Library Stacks
|t 0
|e N1 .C75
|h Library of Congress classification
|i unmediated -- volume
|k v.220:no.945 -v.220:no.947
|l 1990-1990
|m A14815294556
|
| 952 |
f |
f |
|p serial
|a Texas A&M University
|b College Station
|c Sterling C. Evans Library
|d Evans: Library Stacks
|t 0
|e N1 .C75
|h Library of Congress classification
|i unmediated -- volume
|k v.92
|l 1933
|m A14816772492
|
| 952 |
f |
f |
|p serial
|a Texas A&M University
|b College Station
|c Sterling C. Evans Library
|d Evans: Library Stacks
|t 0
|e N1 .C75
|h Library of Congress classification
|i unmediated -- volume
|k v.201:no.809 -v.201:no.810
|l 1979-1979
|m A14818006863
|
| 952 |
f |
f |
|p serial
|a Texas A&M University
|b College Station
|c Sterling C. Evans Library
|d Evans: Library Stacks
|t 0
|e N1 .C75
|h Library of Congress classification
|i unmediated -- volume
|k v.220:no.939 -v.220:no.941
|l 1990-1990
|m A14815294459
|
| 952 |
f |
f |
|p serial
|a Texas A&M University
|b College Station
|c Sterling C. Evans Library
|d Evans: Library Stacks
|t 0
|e N1 .C75
|h Library of Congress classification
|i unmediated -- volume
|k v.219:no.934 -v.219:no.935
|l 1989-1989
|m A14812872622
|
| 952 |
f |
f |
|p noncirc
|a Texas A&M University
|b College Station
|c Cushing Memorial Library & Archives
|d Cushing: Kelsey Illustrators (Does not check out)
|t 0
|e N1 .C75
|h Library of Congress classification
|i unmediated -- volume
|
| 952 |
f |
f |
|p serial
|a Texas A&M University
|b College Station
|c Sterling C. Evans Library
|d Evans: Library Stacks
|t 0
|e N1 .C75
|h Library of Congress classification
|i unmediated -- volume
|k v.172
|l 1969
|m A14816772874
|
| 952 |
f |
f |
|p serial
|a Texas A&M University
|b College Station
|c Sterling C. Evans Library
|d Evans: Library Stacks
|t 0
|e N1 .C75
|h Library of Congress classification
|i unmediated -- volume
|k v.171
|l 1969
|m A14816772882
|
| 952 |
f |
f |
|p serial
|a Texas A&M University
|b College Station
|c Sterling C. Evans Library
|d Evans: Library Stacks
|t 0
|e N1 .C75
|h Library of Congress classification
|i unmediated -- volume
|k v.169
|l 1968
|m A14816772785
|
| 952 |
f |
f |
|p serial
|a Texas A&M University
|b College Station
|c Sterling C. Evans Library
|d Evans: Library Stacks
|t 0
|e N1 .C75
|h Library of Congress classification
|i unmediated -- volume
|k v.189:no.761 -v.189:no.762
|l 1975-1975
|m A14818006821
|
| 952 |
f |
f |
|p serial
|a Texas A&M University
|b College Station
|c Sterling C. Evans Library
|d Evans: Library Stacks
|t 0
|e N1 .C75
|h Library of Congress classification
|i unmediated -- volume
|k v.163
|l 1966
|m A14816772484
|
| 952 |
f |
f |
|p serial
|a Texas A&M University
|b College Station
|c Sterling C. Evans Library
|d Evans: Library Stacks
|t 0
|e N1 .C75
|h Library of Congress classification
|i unmediated -- volume
|k v.181
|l 1972
|m A14816772727
|
| 952 |
f |
f |
|p serial
|a Texas A&M University
|b College Station
|c Sterling C. Evans Library
|d Evans: Library Stacks
|t 0
|e N1 .C75
|h Library of Congress classification
|i unmediated -- volume
|k v.217:no.908 -v.217:no.911
|l 1987-1987
|m A14811385339
|
| 952 |
f |
f |
|p serial
|a Texas A&M University
|b College Station
|c Sterling C. Evans Library
|d Evans: Library Stacks
|t 0
|e N1 .C75
|h Library of Congress classification
|i unmediated -- volume
|k v.219:no.926 -v.219:no.927
|l 1989-1989
|m A14812872428
|
| 952 |
f |
f |
|p serial
|a Texas A&M University
|b College Station
|c Sterling C. Evans Library
|d Evans: Library Stacks
|t 0
|e N1 .C75
|h Library of Congress classification
|i unmediated -- volume
|k v.195:no.785 -v.195:no.786
|l 1977-1977
|m A14818006261
|
| 952 |
f |
f |
|p serial
|a Texas A&M University
|b College Station
|c Sterling C. Evans Library
|d Evans: Library Stacks
|t 0
|e N1 .C75
|h Library of Congress classification
|i unmediated -- volume
|k v.194:no.781 -v.194:no.782
|l 1977-1977
|m A14818006164
|
| 952 |
f |
f |
|p serial
|a Texas A&M University
|b College Station
|c Sterling C. Evans Library
|d Evans: Library Stacks
|t 0
|e N1 .C75
|h Library of Congress classification
|i unmediated -- volume
|k v.89
|l 1932
|m A14816772298
|
| 952 |
f |
f |
|p serial
|a Texas A&M University
|b College Station
|c Sterling C. Evans Library
|d Evans: Library Stacks
|t 0
|e N1 .C75
|h Library of Congress classification
|i unmediated -- volume
|k v.157
|l 1964
|m A14816772230
|
| 952 |
f |
f |
|p serial
|a Texas A&M University
|b College Station
|c Sterling C. Evans Library
|d Evans: Library Stacks
|t 0
|e N1 .C75
|h Library of Congress classification
|i unmediated -- volume
|k v.193:no.777 -v.193:no.778
|l 1976-1976
|m A14818006114
|
| 952 |
f |
f |
|p serial
|a Texas A&M University
|b College Station
|c Sterling C. Evans Library
|d Evans: Library Stacks
|t 0
|e N1 .C75
|h Library of Congress classification
|i unmediated -- volume
|k v.214:no.865 -v.214:no.866
|l 1984-1984
|m A14818007005
|
| 952 |
f |
f |
|p serial
|a Texas A&M University
|b College Station
|c Sterling C. Evans Library
|d Evans: Library Stacks
|t 0
|e N1 .C75
|h Library of Congress classification
|i unmediated -- volume
|k v.219:no.924 -v.219:no.925
|l 1989-1989
|m A14812870280
|
| 952 |
f |
f |
|p serial
|a Texas A&M University
|b College Station
|c Sterling C. Evans Library
|d Evans: Library Stacks
|t 0
|e N1 .C75
|h Library of Congress classification
|i unmediated -- volume
|k v.167
|l 1968
|m A14816772688
|
| 952 |
f |
f |
|p serial
|a Texas A&M University
|b College Station
|c Sterling C. Evans Library
|d Evans: Library Stacks
|t 0
|e N1 .C75
|h Library of Congress classification
|i unmediated -- volume
|k v.213:no.859 -v.213:no.860
|l 1983-1983
|m A14812192218
|
| 952 |
f |
f |
|p serial
|a Texas A&M University
|b College Station
|c Sterling C. Evans Library
|d Evans: Library Stacks
|t 0
|e N1 .C75
|h Library of Congress classification
|i unmediated -- volume
|k v.162
|l 1966
|m A14816772434
|
| 952 |
f |
f |
|p serial
|a Texas A&M University
|b College Station
|c Sterling C. Evans Library
|d Evans: Library Stacks
|t 0
|e N1 .C75
|h Library of Congress classification
|i unmediated -- volume
|k v.215:no.875 -v.215:no.881
|l 1985-1985
|m A14818006651
|
| 952 |
f |
f |
|p serial
|a Texas A&M University
|b College Station
|c Sterling C. Evans Library
|d Evans: Library Stacks
|t 0
|e N1 .C75
|h Library of Congress classification
|i unmediated -- volume
|k v.217:no.904 -v.217:no.907
|l 1987-1987
|m A14811385973
|
| 952 |
f |
f |
|p serial
|a Texas A&M University
|b College Station
|c Sterling C. Evans Library
|d Evans: Library Stacks
|t 0
|e N1 .C75
|h Library of Congress classification
|i unmediated -- volume
|k v.208:no.837 -v.208:no.838
|l 1981-1981
|m A14818006504
|
| 952 |
f |
f |
|p serial
|a Texas A&M University
|b College Station
|c Sterling C. Evans Library
|d Evans: Library Stacks
|t 0
|e N1 .C75
|h Library of Congress classification
|i unmediated -- volume
|k v.187:no.753 -v.187:no.754
|l 1974-1974
|m A14816772866
|
| 952 |
f |
f |
|p serial
|a Texas A&M University
|b College Station
|c Sterling C. Evans Library
|d Evans: Library Stacks
|t 0
|e N1 .C75
|h Library of Congress classification
|i unmediated -- volume
|k v.160
|l 1965
|m A14816772939
|
| 952 |
f |
f |
|p serial
|a Texas A&M University
|b College Station
|c Sterling C. Evans Library
|d Evans: Library Stacks
|t 0
|e N1 .C75
|h Library of Congress classification
|i unmediated -- volume
|k v.185:no.745 -v.185:no.746
|l 1974-1974
|m A14816772523
|
| 952 |
f |
f |
|p serial
|a Texas A&M University
|b College Station
|c Sterling C. Evans Library
|d Evans: Library Stacks
|t 0
|e N1 .C75
|h Library of Congress classification
|i unmediated -- volume
|k v.196:no.789 -v.196:no.790
|l 1977-1977
|m A14818006368
|
| 952 |
f |
f |
|p serial
|a Texas A&M University
|b College Station
|c Sterling C. Evans Library
|d Evans: Library Stacks
|t 0
|e N1 .C75
|h Library of Congress classification
|i unmediated -- volume
|k v.185:no.743 -v.185:no.744
|l 1974-1974
|m A14816772476
|
| 952 |
f |
f |
|p serial
|a Texas A&M University
|b College Station
|c Sterling C. Evans Library
|d Evans: Library Stacks
|t 0
|e N1 .C75
|h Library of Congress classification
|i unmediated -- volume
|k v.98
|l 1936
|m A14816772793
|
| 952 |
f |
f |
|p serial
|a Texas A&M University
|b College Station
|c Sterling C. Evans Library
|d Evans: Library Stacks
|t 0
|e N1 .C75
|h Library of Congress classification
|i unmediated -- volume
|k v.209:no.839 -v.209:no.840
|l 1982-1982
|m A14818006554
|
| 952 |
f |
f |
|p serial
|a Texas A&M University
|b College Station
|c Sterling C. Evans Library
|d Evans: Library Stacks
|t 0
|e N1 .C75
|h Library of Congress classification
|i unmediated -- volume
|k v.156
|l 1964
|m A14816772183
|
| 952 |
f |
f |
|p serial
|a Texas A&M University
|b College Station
|c Sterling C. Evans Library
|d Evans: Library Stacks
|t 0
|e N1 .C75
|h Library of Congress classification
|i unmediated -- volume
|k v.221:no.956 -v.221:no.959
|l 1991-1991
|m A14815683331
|
| 952 |
f |
f |
|p serial
|a Texas A&M University
|b College Station
|c Sterling C. Evans Library
|d Evans: Library Stacks
|t 0
|e N1 .C75
|h Library of Congress classification
|i unmediated -- volume
|k v.220:no.936 -v.220:no.938
|l 1990-1990
|m A14815339550
|
| 952 |
f |
f |
|p serial
|a Texas A&M University
|b College Station
|c Sterling C. Evans Library
|d Evans: Library Stacks
|t 0
|e N1 .C75
|h Library of Congress classification
|i unmediated -- volume
|k v.95
|l 1935
|m A14816772646
|
| 952 |
f |
f |
|p serial
|a Texas A&M University
|b College Station
|c Sterling C. Evans Library
|d Evans: Library Stacks
|t 0
|e N1 .C75
|h Library of Congress classification
|i unmediated -- volume
|k v.97
|l 1936
|m A14816772743
|
| 952 |
f |
f |
|p serial
|a Texas A&M University
|b College Station
|c Sterling C. Evans Library
|d Evans: Library Stacks
|t 0
|e N1 .C75
|h Library of Congress classification
|i unmediated -- volume
|k v.197:no.791 -v.197:no.792
|l 1978-1978
|m A14818006415
|
| 952 |
f |
f |
|p serial
|a Texas A&M University
|b College Station
|c Sterling C. Evans Library
|d Evans: Library Stacks
|t 0
|e N1 .C75
|h Library of Congress classification
|i unmediated -- volume
|k v.217:no.900 -v.217:no.903
|l 1987-1987
|m A14811385923
|
| 952 |
f |
f |
|p serial
|a Texas A&M University
|b College Station
|c Sterling C. Evans Library
|d Evans: Library Stacks
|t 0
|e N1 .C75
|h Library of Congress classification
|i unmediated -- volume
|k v.174
|l 1970
|m A14816772921
|
| 952 |
f |
f |
|p serial
|a Texas A&M University
|b College Station
|c Sterling C. Evans Library
|d Evans: Library Stacks
|t 0
|e N1 .C75
|h Library of Congress classification
|i unmediated -- volume
|k v.195:no.783 -v.195:no.784
|l 1977-1977
|m A14818006211
|
| 952 |
f |
f |
|p serial
|a Texas A&M University
|b College Station
|c Sterling C. Evans Library
|d Evans: Library Stacks
|t 0
|e N1 .C75
|h Library of Congress classification
|i unmediated -- volume
|k v.185:Index
|l 1974
|m A14816772777
|
| 952 |
f |
f |
|p serial
|a Texas A&M University
|b College Station
|c Sterling C. Evans Library
|d Evans: Library Stacks
|t 0
|e N1 .C75
|h Library of Congress classification
|i unmediated -- volume
|k v.177
|l 1970
|m A14816772125
|
| 952 |
f |
f |
|p serial
|a Texas A&M University
|b College Station
|c Sterling C. Evans Library
|d Evans: Library Stacks
|t 0
|e N1 .C75
|h Library of Congress classification
|i unmediated -- volume
|k v.207:no.813 -v.207:no.832
|l 1981-1981
|m A14818006350
|
| 952 |
f |
f |
|p serial
|a Texas A&M University
|b College Station
|c Sterling C. Evans Library
|d Evans: Library Stacks
|t 0
|e N1 .C75
|h Library of Congress classification
|i unmediated -- volume
|k v.197:no.793 -v.197:no.794
|l 1978-1978
|m A14818006465
|
| 952 |
f |
f |
|p serial
|a Texas A&M University
|b College Station
|c Sterling C. Evans Library
|d Evans: Library Stacks
|t 0
|e N1 .C75
|h Library of Congress classification
|i unmediated -- volume
|k v.182:no.731 -v.182:no.732
|l 1973-1973
|m A14816772670
|
| 952 |
f |
f |
|p serial
|a Texas A&M University
|b College Station
|c Sterling C. Evans Library
|d Evans: Library Stacks
|t 0
|e N1 .C75
|h Library of Congress classification
|i unmediated -- volume
|k v.193:no.775 -v.193:no.776
|l 1976-1976
|m A14818007071
|
| 952 |
f |
f |
|p serial
|a Texas A&M University
|b College Station
|c Sterling C. Evans Library
|d Evans: Library Stacks
|t 0
|e N1 .C75
|h Library of Congress classification
|i unmediated -- volume
|k v.161
|l 1966
|m A14816772387
|
| 952 |
f |
f |
|p serial
|a Texas A&M University
|b College Station
|c Sterling C. Evans Library
|d Evans: Library Stacks
|t 0
|e N1 .C75
|h Library of Congress classification
|i unmediated -- volume
|k v.213:no.851 -v.213:no.852
|l 1983-1983
|m A14818006708
|
| 952 |
f |
f |
|p serial
|a Texas A&M University
|b College Station
|c Sterling C. Evans Library
|d Evans: Library Stacks
|t 0
|e N1 .C75
|h Library of Congress classification
|i unmediated -- volume
|k v.221:no.948 -v.221:no.951
|l 1991-1991
|m A14815318758
|
| 952 |
f |
f |
|p serial
|a Texas A&M University
|b College Station
|c Sterling C. Evans Library
|d Evans: Library Stacks
|t 0
|e N1 .C75
|h Library of Congress classification
|i unmediated -- volume
|k v.199:no.801 -v.199:no.802
|l 1978-1978
|m A14818006669
|
| 952 |
f |
f |
|p serial
|a Texas A&M University
|b College Station
|c Sterling C. Evans Library
|d Evans: Library Stacks
|t 0
|e N1 .C75
|h Library of Congress classification
|i unmediated -- volume
|k v.102
|l 1938
|m A14816772036
|
| 952 |
f |
f |
|p serial
|a Texas A&M University
|b College Station
|c Sterling C. Evans Library
|d Evans: Library Stacks
|t 0
|e N1 .C75
|h Library of Congress classification
|i unmediated -- volume
|k v.164
|l 1967
|m A14816772531
|
| 952 |
f |
f |
|p serial
|a Texas A&M University
|b College Station
|c Sterling C. Evans Library
|d Evans: Library Stacks
|t 0
|e N1 .C75
|h Library of Congress classification
|i unmediated -- volume
|k v.100
|l 1937
|m A14816772890
|
| 952 |
f |
f |
|p serial
|a Texas A&M University
|b College Station
|c Sterling C. Evans Library
|d Evans: Library Stacks
|t 0
|e N1 .C75
|h Library of Congress classification
|i unmediated -- volume
|k v.88
|l 1931
|m A14816772248
|
| 952 |
f |
f |
|p serial
|a Texas A&M University
|b College Station
|c Sterling C. Evans Library
|d Evans: Library Stacks
|t 0
|e N1 .C75
|h Library of Congress classification
|i unmediated -- volume
|k v.158
|l 1965
|m A14816772280
|
| 952 |
f |
f |
|p serial
|a Texas A&M University
|b College Station
|c Sterling C. Evans Library
|d Evans: Library Stacks
|t 0
|e N1 .C75
|h Library of Congress classification
|i unmediated -- volume
|k v.203:no.817 -v.203:no.818
|l 1980-1980
|m A14818007063
|
| 952 |
f |
f |
|p serial
|a Texas A&M University
|b College Station
|c Sterling C. Evans Library
|d Evans: Library Stacks
|t 0
|e N1 .C75
|h Library of Congress classification
|i unmediated -- volume
|k v.175
|l 1970
|m A14816772971
|
| 952 |
f |
f |
|p serial
|a Texas A&M University
|b College Station
|c Sterling C. Evans Library
|d Evans: Library Stacks
|t 0
|e N1 .C75
|h Library of Congress classification
|i unmediated -- volume
|k v.204:no.821 -v.204:no.822
|l 1980-1980
|m A14818006106
|
| 998 |
f |
f |
|a N1 .C75
|s v.213:no.859 (1983:Sept.)
|t 0
|l Cushing: Kelsey Illustrators (Does not check out)
|
| 998 |
f |
f |
|a N1 .C75
|s v.212:no.848 (1982:Oct.),
|t 0
|l Cushing: Dykes (Does not check out)
|
| 998 |
f |
f |
|a N1 .C75
|s v.222:no.960-961 (1992)
|t 0
|l Evans: Library Stacks
|